000 00820cam a2200253 4500
001 J2024
008 090401t1993 xxu||||| |||| 00| 0 eng d
035 _a(Sirsi) u46799
041 _aeng
050 _a692.8
090 _aJCT 1993/7AC
110 _aJoint Contracts Tribunal
_93664
245 _aStandard Form of Building Contract 1980 edition (incorporating Amendments 1 to 12). Practice Note 25: performance specified work: treatment in JCT 80 clause 42.
260 _aLondon
_bRIBA Publications Ltd.
_c1993
300 _a12p. ; 30cm.
350 _a4
490 _aJCT Practice Note
_v25
650 _aJCT STANDARD FORM OF CONTRACT 1980
650 _aPERFORMANCE SPECIFIED WORK
650 _aPRACTICE NOTE 25
690 _aBUILT ENVIRONMENT-BUILDING CONTRACT FORMS
942 _n0
948 _c04/03/1997
999 _c92009
_d92009